logo

Bir Sreshtho Munshi Abdur Rouf Library
Jhenaidah Cadet College

Better badminton / (Record no. 8112)

MARC details
000 -LEADER
fixed length control field 00622cam a2200253 a 4500
001 - CONTROL NUMBER
JCCL Control Number 8112
003 - CONTROL NUMBER IDENTIFIER
JCCL marc code BD-JhCC
005 - DATE AND TIME OF LATEST TRANSACTION
control field 20191214130830.0
008 - FIXED-LENGTH DATA ELEMENTS--GENERAL INFORMATION
fixed length control field 860225s1978 enk | |||| ||eng||
020 ## - INTERNATIONAL STANDARD BOOK NUMBER
International Standard Book Number 0718214595
035 ## - SYSTEM CONTROL NUMBER
system control number (BD-JhCC)8112
040 ## - CATALOGING SOURCE
Original cataloging agency BD-JhCC
Modifying agency BD-JhCC
041 ## - LANGUAGE CODE
Language code of Book eng
082 ## - DEWEY DECIMAL CLASSIFICATION NUMBER
Author mark and Year DAV 1978
Classification number 796.345
100 1# - MAIN ENTRY--PERSONAL NAME
Personal name Davis, Pat,
Dates associated with a name 1915-
245 10 - TITLE STATEMENT
Title Better badminton /
Statement of responsibility, etc by Pat Davis.
250 ## - EDITION STATEMENT
Edition statement Revised ed.
260 ## - PUBLICATION, DISTRIBUTION, ETC. (IMPRINT)
Place of publication, distribution, etc London :
Name of publisher, distributor, etc Kaye and Ward,
Date of publication, distribution, etc 1978.
300 ## - PHYSICAL DESCRIPTION
Pagination 96p ;
Dimensions 23cm.
500 ## - GENERAL NOTE
General note Previous ed.: 1973.
650 #0 - SUBJECT ADDED ENTRY--TOPICAL TERM
Topical term or geographic name as entry element Badminton (Game)
942 ## - ADDED ENTRY ELEMENTS (KOHA)
Source of classification or shelving scheme Dewey Decimal Classification
Koha item type Books
Holdings
Source of classification or shelving scheme Damaged status Not for loan Home library Current library Shelving location Total Checkouts Full call number Barcode Date last seen Copy number Koha item type
Dewey Decimal Classification     JCC Rouf Library JCC Rouf Library General Stacks   796.345 DAV 1978 10691 02/18/2018 C - 1 Books

JCC Library | Contacts | JCC Home

Last Update on 23 September 2017
Copyright @ 2017-2020 JCC Rouf Library
Rouf Library, Jhenidah Cadet College (JCC), Bangladesh